[Event "Richard Aronow Memorial"]
[Site "Philadelphia"]
[Date "2002.07.21"]
[Round "9"]
[White "Adu, Oladapo"]
[Black "Gersov, Evgeny"]
[Result "0-1"]
[WhiteElo "2263"]
[BlackElo "2351"]
[PlyCount "94"]
[EventDate "2002.07.12"]
[EventType "tourn"]
[EventRounds "9"]
[EventCountry "USA"]
[EventCategory "6"]
[SourceTitle "CBM 089 Extra"]
[Source "ChessBase"]
[SourceDate "2002.09.10"]
[SourceVersion "2"]
[SourceVersionDate "2002.09.10"]
[SourceQuality "1"]

1. e4 c6 2. d4 d5 3. Nd2 dxe4 4. Nxe4 Nf6 5. Ng5 h6 6. N5f3 Bf5 7. Bc4 e6 8. Ne2 Nbd7 9. c3 Nb6 10. Bb3 Be7 11. Bf4 a5 12. a4 Nbd5 13. Be5 Qb6 14. 0-0 0-0 15. Nd2 Ng4 16. Nc4 Qd8 17. Bg3 b5 18. Ne5 Nxe5 19. Bxe5 Nb6 20. Ng3 Bg6 21. Qg4 Kh7 22. axb5 cxb5 23. Bc2 f5 24. Qe2 Qd5 25. Rfe1 Bd8 26. Bd3 Be8 27. Ne4 Bc6 28. f3 Nc4 29. Bg3 Be7 30. b3 Nb6 31. Bc7 Nc8 32. Nd2 b4 33. Bc4 Qd7 34. Bxa5 Rxa5 35. Rxa5 bxc3 36. Nb1 Qxd4+ 37. Kh1 Bb4 38. Rd1 Qh4 39. Re5 c2 40. Qxc2 Bd6 41. Rxd6 Nxd6 42. Bf1 Bd5 43. Nd2 Qd4 44. Re1 Rc8 45. Qa2 Qc3 46. h3 Ra8 47. Ba6 Bb7 0-1

[Event "New York Masters 15th"]
[Site "New York"]
[Date "2002.06.25"]
[Round "2"]
[White "Gersov, Evgeny"]
[Black "Rowson, Jonathan"]
[Result "0-1"]
[WhiteElo "2342"]
[BlackElo "2512"]
[PlyCount "54"]
[EventDate "2002.06.25"]
[EventType "swiss (rapid)"]
[EventRounds "4"]
[EventCountry "USA"]
[SourceTitle "EXT 2003"]
[Source "ChessBase"]
[SourceDate "2002.11.25"]
[SourceVersion "1"]
[SourceVersionDate "2002.11.25"]
[SourceQuality "1"]

1. e4 c5 2. Nf3 d6 3. Bb5+ Nd7 4. c3 Ngf6 5. Qe2 a6 6. Ba4 b5 7. Bc2 e5 8. d4 Be7 9. dxe5 dxe5 10. a4 Bb7 11. Bg5 0-0 12. 0-0 c4 13. Nbd2 Qc7 14. Rfd1 Nc5 15. Nh4 g6 16. h3 Rfd8 17. axb5 axb5 18. Rxa8 Bxa8 19. Ra1 Bc6 20. Rf1 Nh5 21. Bxe7 Qxe7 22. Nf5 gxf5 23. Qxh5 Rxd2 24. Qxf5 Rxc2 25. Qc8+ Be8 26. Ra1 Ne6 27. Ra8 Kg7 0-1

[Event "King's Island op 10th"]
[Site "King's Island"]
[Date "2001.11.11"]
[Round "5"]
[White "Fishbein, Alexander"]
[Black "Gersov, Evgeny"]
[Result "1-0"]
[WhiteElo "2500"]
[BlackElo "2292"]
[PlyCount "167"]
[EventDate "2001.11.09"]
[EventType "swiss"]
[EventRounds "5"]
[EventCountry "USA"]
[SourceTitle "EXT 2002"]
[Source "ChessBase"]
[SourceDate "2001.11.25"]
[SourceVersion "1"]
[SourceVersionDate "2001.11.25"]
[SourceQuality "1"]

1. e4 c5 2. Nf3 Nc6 3. d4 cxd4 4. Nxd4 Nf6 5. Nc3 e5 6. Ndb5 d6 7. Bg5 a6 8. Na3 b5 9. Nd5 Qa5+ 10. Bd2 Qd8 11. Bg5 Qa5+ 12. Bd2 Qd8 13. Nxf6+ Qxf6 14. Bd3 Qg6 15. 0-0 Be7 16. f4 Bg4 17. f5 Bxd1 18. fxg6 Bh5 19. gxh7 Bg6 20. c4 b4 21. Nc2 Rb8 22. a3 b3 23. Nb4 Rb6 24. Nd5 Bd8 25. Nxb6 Bxb6+ 26. Kh1 Bc5 27. h4 Rxh7 28. g3 Ke7 29. Kg2 f6 30. Rae1 a5 31. Be3 a4 32. Rh1 Bf7 33. g4 Na5 34. g5 Rh8 35. gxf6+ gxf6 36. Bxc5 dxc5 37. Re3 Nc6 38. Kf2 Nd4 39. Rg3 Ne6 40. Ke3 Nf4 41. Rh2 Rd8 42. Rd2 Rh8 43. Rh2 Rd8 44. Be2 Rh8 45. Bg4 Rg8 46. Rh1 Be6 47. Kf3 Bxc4 48. h5 Bd3 49. h6 Rh8 50. Rh2 c4 51. Bf5 Kf8 52. h7 Bc2 53. Rd2 Bd3 54. Ke3 Nh5 55. Rg8+ Rxg8 56. hxg8Q+ Kxg8 57. Rxd3 cxd3 58. Bd7 Nf4 59. Bxa4 Kf7 60. Bxb3+ Ke7 61. Bc4 Kd6 62. Bxd3 Ne6 63. b4 Nd4 64. Kd2 Kc6 65. Kc3 Kb6 66. Kc4 Ne6 67. a4 Nc7 68. Bc2 Ne6 69. Kd5 Nd4 70. Bd3 Nc6 71. a5+ Kc7 72. Kc5 Nd8 73. Bc4 Nb7+ 74. Kd5 Nd8 75. b5 Nb7 76. b6+ Kb8 77. a6 Nd8 78. Bb5 f5 79. exf5 e4 80. a7+ Kb7 81. f6 e3 82. f7 e2 83. f8Q e1Q 84. a8Q+ 1-0

[Event "Chesswise int op"]
[Site "Stratton Mountain"]
[Date "2000.07.10"]
[Round "1"]
[White "Gersov, Evgeny"]
[Black "Lazarev, Vladimir"]
[Result "0-1"]
[WhiteElo "2347"]
[BlackElo "2478"]
[PlyCount "88"]
[EventDate "2000.07.10"]
[EventType "swiss"]
[EventRounds "9"]
[EventCountry "USA"]
[SourceTitle "EXT 2001"]
[Source "ChessBase"]
[SourceDate "2000.11.22"]
[SourceVersion "1"]
[SourceVersionDate "2000.11.22"]
[SourceQuality "1"]

1. e4 c5 2. Nf3 Nc6 3. d4 cxd4 4. Nxd4 Qc7 5. Nc3 e6 6. Be3 a6 7. Bd3 b5 8. Nxc6 Qxc6 9. a4 b4 10. Ne2 Bb7 11. 0-0 Nf6 12. f3 Bc5 13. Qd2 0-0 14. Nd4 Qc7 15. Nb3 Bd6 16. g3 Be7 17. Bf4 e5 18. Bg5 a5 19. Qe3 Rfc8 20. Rfc1 h6 21. Bxf6 Bxf6 22. Rd1 d5 23. Qe2 dxe4 24. fxe4 Ba6 25. Nd2 Bxd3 26. cxd3 Qc2 27. b3 Rc3 28. Rac1 Qxc1 29. Rxc1 Rxc1+ 30. Kg2 Rc2 31. h4 Rd8 32. Kh3 Rc3 33. Nc4 Rdxd3 34. Qg4 Rxb3 35. Qc8+ Rd8 36. Qb7 Rc3 37. Nxa5 Rdd3 38. Qxb4 Rxg3+ 39. Kh2 Rh3+ 40. Kg2 Rcg3+ 41. Kf1 Rh1+ 42. Ke2 Rh2+ 43. Kf1 Bxh4 44. Qb8+ Kh7 0-1

[Event "New Hampshire op 50th"]
[Site "New Hampshire"]
[Date "2000.??.??"]
[Round "1"]
[White "Friedel, Joshua E"]
[Black "Gersov, Evgeny"]
[Result "0-1"]
[WhiteElo "2150"]
[BlackElo "2365"]
[PlyCount "52"]
[EventDate "2000.??.??"]
[EventType "swiss"]
[EventRounds "4"]
[EventCountry "USA"]
[SourceTitle "EXT 2003"]
[Source "ChessBase"]
[SourceDate "2002.11.25"]
[SourceVersion "1"]
[SourceVersionDate "2002.11.25"]
[SourceQuality "1"]

1. e4 c6 2. d4 d5 3. exd5 cxd5 4. c4 Nf6 5. Nc3 g6 6. Bg5 Bg7 7. Bxf6 Bxf6 8. Nxd5 Bg7 9. Nf3 Nc6 10. Qa4 0-0 11. Be2 Bg4 12. 0-0 Bxf3 13. Bxf3 Nxd4 14. Be4 e6 15. Nc3 Qb6 16. b4 Nc6 17. Rfc1 Bxc3 18. Rxc3 Qd4 19. Qc2 Nxb4 20. Qb3 Nxa2 21. Rxa2 Qxe4 22. Re3 Qc6 23. h4 Rfc8 24. Ra4 h5 25. Re5 Rd8 26. Qg3 Qxa4 0-1

[Event "Arlington CC-ch op"]
[Site "Arlington"]
[Date "2000.??.??"]
[Round "3"]
[White "Gersov, Evgeny"]
[Black "Meyer, Eugene B"]
[Result "1/2-1/2"]
[WhiteElo "2347"]
[BlackElo "2434"]
[PlyCount "69"]
[EventDate "2000.12.??"]
[EventType "swiss"]
[EventRounds "4"]
[EventCountry "USA"]
[SourceTitle "EXT 2002"]
[Source "ChessBase"]
[SourceDate "2001.11.25"]
[SourceVersion "1"]
[SourceVersionDate "2001.11.25"]
[SourceQuality "1"]

1. d4 Nf6 2. c4 g6 3. Nc3 Bg7 4. e4 d6 5. Be2 0-0 6. Nf3 e5 7. 0-0 exd4 8. Nxd4 Re8 9. f3 Nc6 10. Be3 Nh5 11. Nxc6 bxc6 12. Bd4 Nf4 13. Bxg7 Qg5 14. g3 Kxg7 15. Qc1 Qc5+ 16. Kh1 Ne6 17. Rd1 a5 18. b3 Qe5 19. Qe3 Bb7 20. f4 Qf6 21. e5 c5+ 22. Kg1 dxe5 23. fxe5 Qe7 24. Bf3 Bxf3 25. Qxf3 Nd4 26. Qf6+ Qxf6 27. exf6+ Kh6 28. Rf1 c6 29. Rf2 Re5 30. Na4 Rd8 31. Kf1 g5 32. Re1 Rde8 33. Rxe5 Rxe5 34. Nb6 g4 35. Rf4 1/2-1/2